Statistics for Top 10 Biggest Cities In Delaware

Click here to take the quiz!

General Stats

  • This quiz has been taken 10 times
  • The average score is 5 of 10

Answer Stats

HintAnswer% Correct
39,403Dover
100%
30,601Newark
75%
70,898Wilmington
75%
23,192Middletown
50%
12,883Smyrna
50%
23,060Bear
38%
14,974Brookside
25%
15,288Glasgow
25%
13,478Hockessin
25%
11,692Pike Creek Valley
13%

Score Distribution

Percentile by Number Answered

Percent of People with Each Score

Your Score History

You have not taken this quiz